Fedro.
Uloženo v:
| Hlavní autor: | |
|---|---|
| Další autoři: | |
| Médium: | Kniha |
| Jazyk: | španělština |
| Vydáno: |
Madrid, España:
Ediciones Akal,
2010.
|
| Vydání: | Edición biblingüe. |
| Edice: | Colección Fundamentos ;
Agora de Ideas. |
| Témata: | |
| Tagy: |
Přidat tag
Žádné tagy, Buďte první, kdo vytvoří štítek k tomuto záznamu!
|
MARC
| LEADER | 00000nam a22000007a 4500 | ||
|---|---|---|---|
| 003 | CL-VaPUC | ||
| 005 | 20250321101913.0 | ||
| 008 | 250108t2010 spa ||||| |||| 00spa d | ||
| 999 | |c 446384 |d 446382 | ||
| 020 | |a 978-84-7090-474-5 | ||
| 040 | |c Pontificia Universidad Católica de Valparaíso | ||
| 100 | 1 | |a Platón |d 427 a.C. - 347 a.C. |e autor |9 895140 | |
| 245 | |a Fedro. | ||
| 250 | |a Edición biblingüe. | ||
| 260 | |a Madrid, España: |b Ediciones Akal, |c 2010. | ||
| 300 | |a 446 páginas. | ||
| 490 | |a Colección Fundamentos ; |n 234. | ||
| 490 | |a Agora de Ideas. | ||
| 500 | |a c.1. Instituto Arcos 8-1-2025 | ||
| 583 | |c 20250108 |k GC | ||
| 650 | |a Amor |x Filosofía |9 895142 | ||
| 651 | |a Filosofía griega |x Diálogos |9 895143 | ||
| 700 | |a Poratti, Armando |e introducción, traducción, notas y comentario |9 895141 | ||
| 942 | |2 ddc |c BK |n 0 | ||
| 952 | |0 0 |1 0 |2 ddc |4 0 |6 184_000000000000000_PLA_2010 |7 0 |8 A |9 598998 |a BIBINC |b BIBINC |d 2025-01-08 |e Instituto Arcos |i 5663919 |l 1 |m 1 |o 184 PLA 2010 |p 5663919 |r 2025-04-02 |s 2025-03-19 |t 1 |w 2025-01-08 |y BK |k IFP | ||